00000000nam##2200000za#4500
0019.680869
003CaOODSP
00520241210082347
007ta
008150407|1999||||xxc|||||     f|0| 0 fre|d
020 |a0-662-83967-6
040 |aCaOODSP|bfre
043 |an-cn---
0861 |aFB2-14/1999F
1102 |aBanque du Canada.
24513|aLe dollar canadien : |bune perspective historique / |cpar James Powell.
260 |aOttawa - Ontario : |bBanque du Canada |c1999.
300 |aiv, 69p. : |bill. en couleur, graphiques ; |c15 cm.
500 |a«Le livre retrace les périodes de faiblesse qu'a connues le dollar canadien au cours des années. Il décrit l'évolution respective de notre dollar et de son pendant américain et les raisons qui ont amené le Canada à abandonner l'étalon-or dans le années 1920 pour adopter un système de taux de change fixe dans les années 1960 puis un système de taux flottant dans les années 1970.»--Verso du livre.
504 |aBibliographie.
5203 |aLe livre retrace les périodes de faiblesse qu'a connues le dollar canadien au cours des années. Il décrit l'évolution respective de notre dollar et de son pendant américain et les raisons qui ont amené le Canada à abandonner l'étalon-or dans le années 1920 pour adopter un système de taux de change fixe dans les années 1960 puis un système de taux flottant dans les années 1970.--Verso du livre
563 |aCouverture souple
590 |a01-12|b2001-03-23
69107|aMonnaie|2gcpds
69107|aHistoire|2gcpds
7201 |aGoodlet, Clyde
77508|tA history of the Canadian dollar / |w(CaOODSP)9.647444
7760#|tLe dollar canadien : |w(CaOODSP)9.640030